Resumen Nacional

Salvato in:
Dettagli Bibliografici
Natura: testo
Soggetti:
Tags: Aggiungi Tag
Nessun Tag, puoi essere il primo ad aggiungerne!!

MARC

LEADER 00000 a a2200000 04500
001 8130
003
040
245 |a Resumen Nacional  
650 |a ASPECTOS EOCNOMICOS  
650 |a CRECIEMIENTO ECONOMICO  
650 |a REFORMAS ECONOMICAS  
650 |a INTEGRACION REGIONAL  
650 |a IRLANDA  
650 |a MACEDONIA  
650 |a URUGUAY  
650 |a EL SALVADOR  
773 |g volumen 35, número 16; páginas 246-247  
999 |c 23888  |d 23888